LEADER 01417nam a2200277 4500 001 000000367499 003 CaOOAMICUS 005 20260428121443.0 008 260428s1977 gw 000 u mul r 040 $aSeMil$bita 245 00$aRegum Burgundiae e stirpe Rudolfina diplomata et acta /$cbearbeitet von Theodor Schieffer ; unter mitwirkung von Hans Eberhard Mayer. 246 01$aDie Urkunden der Burgundischen Rudolfinger 264 1$aMünchen :$bMonumenta Germaniae Historica,$c1977. 300 $aXIX, 496 ;$c30 cm 546 $aTesti in latino, regesti e commenti in tedesco 650 4$aBurgundi - Storia - Fonti.$0(OLS)http://semarc/subject/60123 700 1 $aSchieffer, Theodor,$d<1910-1992>.$0(OLS)http://semarc/name/124196 700 1 $aMayer, Hans Eberhard,$d<1932-2023>.$0(OLS)http://semarc/name/3604 773 0 $tMonumenta Germaniae Historica.$dMünchen : Monumenta Germaniae Historica, 1978-$w()9162 850 $aSeMil 852 $aSeMil$W1$xVenegono$y1$mSL1.J II 17$j271105$B258190$CSeMilBibl$Z2$F258190 $8I 961 $aRimoldi mons. Antonio - Omaggio 996 $6245$aRegum Burgundiae e stirpe Rudolfina diplomata et acta$9(OLS)http://semarc/title/459448 996 $6246$aDie Urkunden der Burgundischen Rudolfinger$9(OLS)http://semarc/title/459449 996 $6264$aMünchen :$bMonumenta Germaniae Historica$9(OLS)http://semarc/publisher/31271